Informacão cartográfica (Record no. 45756)

MARC details
000 -Etiqueta do registo
Valores 00516cas a2200169 04500
100 ## - Dados gerais de processamento
Dados gerais 19831201a1981 m a0pory5003 ba
101 0# - Língua de publicação
Língua por
102 ## - País de publicação
País PT
200 1# - Titulo e menção de responsabilidade
Título próprio Informacão cartográfica
Primeira menção de responsabilidade Comissão de Coordenacão da Região do Alentejo
210 #9 - Publicação
Local de publicação Évora
Nome do editor Comissão de Coordenacão da Região do Alentejo
Data de publicação 1981-
215 ## - Descrição física 
Dimensões 30 cm
675 ## - CDU
Notação 912(05)
Edição med
Língua por
712 01 - Autor entidade secundário
Nome da entidade Portugal.
Subdivisão Comissão de Coordena—cão da Região do Alentejo
801 #0 - Fonte de origem
País PT
Agência BN
Regras de catalogação RPC
990 ## - Elementos KOHA
Tipo de documento Livro
Holdings
Aquisição Empréstimo Código de barras Cota Permissão de empréstimo Tipo de documento Nota relativa ao exemplar
Biblioteca Municipal de Redondo Biblioteca Municipal de Redondo 056988 912(05) INF   Livro n.º 3
Biblioteca Municipal de Redondo Biblioteca Municipal de Redondo 056989 912(05) INF   Livro n.º 4

Powered by Koha